000 nam a22 7a 4500
999 _c9487
_d9487
008 180201b ||||| |||| 00| 0 eng d
100 _aGupta, S K
_95680
245 _aComposite mathematics for middle classes - VI
260 _aNew delhi
_bS Chand Publication
_c2008